00704nam a2200205Ia 4500003000900000008004100009020001800050040001600068080001300084100002500097245012300122260003400245300001700279650004100296650002500337650001800362942000700380999001500387952009600402IN-BaIIA211028s9999 xx 000 0 eng d a0-8053-8752-8 cIIA Library a533bICH aIchimaru, S.,910679 0aBasic principles of plasma physicsba statistical approachcS. Ichimaru  aReadingbW. A. Benjaminc1973 axviii, 324p. aAstronomy and astrophysics thesaurus aPlasma physics93732 aPlasmas91898 cBK c6202d6202 00104070aBANbBANcGENd1979-04-07l0o533/ ICHp6915r2021-11-05w1979-04-07yBK 12.50